გადასახადები და საგადასახადო სისტემა : გზამკვლევი : (ბიბ.ჩანაწერი № 59461)
[ მარტივი ფორმატი ]
| 000 -ლიდერი | |
|---|---|
| ფიქსირებული სიგრძის საკონტროლო ველი | 01291nam a22001937a 4500 |
| 003 - საკონტროლო ნომრის იდენტიფიკატორი | |
| საკონტროლო ველი | Ge_BSU |
| 005 - ბოლო ოპერაციის თარიღი და დრო | |
| საკონტროლო ველი | 20230224114628.0 |
| 008 - ფიქსირებული სიგრძის მონაცემთა ელემენტები - ზოგადი ინფორმაცია | |
| ფიქსირებული სიგრძის საკონტროლო ველი | 230224s2006 ge ||||| |||| 00| 0 geo d |
| 041 ## - ენის კოდი | |
| Language code of text/sound track or separate title | geo |
| 080 ## - უნივერსალური ათობითი კლასიფიკაციის ინდექსი | |
| Universal Decimal Classification number | 336.22(479.22) გ-14 |
| 245 ## - ცნობა სათაურის შესახებ | |
| Title | გადასახადები და საგადასახადო სისტემა : გზამკვლევი : |
| Remainder of title | [მომზადებულია საქართველოს ნორმატიული აქტების საფუძველზე 2006 წლის 1 ივნისის მდგომარეობით] / |
| Statement of responsibility, etc | საქ. ახალგაზრდა ეკონომისტთა ასოციაცია. |
| 264 ## - წარმოების, გამოცემის, დისტრიბუციის და სხვა ცნობები | |
| გამოცემის, წარმოების, დისტრიბუციის... ადგილი | [თბილისი], |
| გამოცემის, წარმოების, დისტრიბუციის... თარიღი | 2006. |
| 300 ## - ფიზიკური აღწერა | |
| Extent | 224 გვ. : |
| Other physical details | სქ., ცხრ. ; |
| Dimensions | 20 სმ. |
| 501 ## - შენიშვნა თანმხლებ მასალაზე | |
| With note | დანართები: გვ. 183-223. ტერმინები: გვ. 177-182. |
| 653 ## - INDEX TERM--UNCONTROLLED | |
| Uncontrolled term | გადასახადები საქართველოში |
| 653 ## - INDEX TERM--UNCONTROLLED | |
| Uncontrolled term | საგადასახადო სისტემა საქართველოში |
| 710 ## - ADDED ENTRY--CORPORATE NAME | |
| Corporate name or jurisdiction name as entry element | საქ. ახალგაზრდა ეკონომისტთა ასოციაცია. |
| 9 (RLIN) | 17024 |
| 942 ## - ADDED ENTRY ELEMENTS (KOHA) | |
| Source of classification or shelving scheme | |
| Koha item type | წიგნი |
| ჩამოწერის სტატუსი | დაკარგული ეგზემპლარის სტატუსი | კლასიფიკაციის წყარო ან თაროზე გაწყობის სქემა | დაზიანების სტატუსი | არ გაიცემა | მუდმივი მდებარეობა (დაცვის ადგილი) | ამჟამინდელი ადგილსამყოფელი | თაროზე განთავსების ადგილი | შეძენის თარიღი | ღირებულება, შესყიდვის ნორმალური ფასი | სრული შენახვის შიფრი | შტრიხკოდი | ბოლო ოპერაციის თარიღი | ეგზემპლარის მიმდევრობითი ნომერი (კეტერი?) | ფასის ძალაში შესვლის თარიღი | ეგზემპლარის სახეობა | საჯარო შენიშვნა |
|---|---|---|---|---|---|---|---|---|---|---|---|---|---|---|---|---|
| ბათუმის შოთა რუსთაველის სახელმწიფო უნივერსიტეტის მთავარი ბიბლიოთეკა | ბათუმის შოთა რუსთაველის სახელმწიფო უნივერსიტეტის მთავარი ბიბლიოთეკა | წიგნსაცავი | 2023-02-24 | 6.00 | 336.22(479.22) გ-14 | 63901 | 2023-02-24 | 63901 | 2023-02-24 | წიგნი | 6 ლ. |
